| 000 | 00761nam a22002177a 4500 | ||
|---|---|---|---|
| 999 |
_c166203 _d166203 |
||
| 005 | 20190716160230.0 | ||
| 010 | _aENG-125955 | ||
| 020 |
_a9789353436544 _c615.00 |
||
| 035 | _aEN-109487 | ||
| 037 | _bDBAD/PUB | ||
| 082 | _a306 | ||
| 100 | _aEmber, Carol R. | ||
| 245 |
_aCultural anthropology / _cby Carol R.Ember [and] Melvin R. Ember |
||
| 250 | _aFifteenth edition | ||
| 260 |
_aNoida _bPearson India Education _c2019 |
||
| 270 |
_a15th Floor, Tower-B, World Trade Tower, Plot No.I, Block-C, Sector 16 _bNoida, Uttar Pradesh _e201301 _mcompanysecretary.india@pearson.com |
||
| 300 |
_axv,446p. _c28cm(pbk) |
||
| 500 | _aIncludes bibliographical references and index | ||
| 700 | _aEmber, Melvin R. | ||
| 942 |
_2ddc _cEN _h306 _mEMB |
||